000 00575cam a2200193 4500500
005 20260405001719.0
041 _afre
042 _adc
100 1 0 _aKierkegaard, Søren
_eauthor
245 0 0 _aL’argent va-t-il se volatiliser?
260 _c2014.
500 _a65
690 _aArgent
690 _aDématérialisation
690 _aFinances
690 _aPiratage
786 0 _nPhilosophie magazine | 77 | 3 | 2014-03-01 | p. 14-14 | 1951-1787
856 4 1 _uhttps://shs.cairn.info/magazine-philosophie-magazine-2014-3-page-14?lang=fr&redirect-ssocas=7080
999 _c2050314
_d2050314